Historia de las doctrinas filosóficas /

Panorámica histórico de las distintas corrientes filosóficas occidentales. El recorrido va desde los clásicos griegos hasta las últimas tendencias filosóficas de occidente del siglo XX, con exponentes como Sócrates, Platón, Aristótels, pasando por las ideas de San Agustín, Santo Tomás de Aquino, Des...

Ful tanımlama

Kaydedildi:
Detaylı Bibliyografya
Yazar: Gutiérrez Sáenz, Raúl (autor)
Materyal Türü: Kitap
Dil:İspanyolca
Baskı/Yayın Bilgisi: México : Esfinge, 2003, c2003
Edisyon:35a edición
Konular:
Etiketler: Etiketle
Etiket eklenmemiş, İlk siz ekleyin!

MARC

LEADER 00000nam^a2200000^a^4500
001 000380024
005 20250521000000.0
009 20260310120544.56
020 |a 970-647-143-X 
037 |a Acervo ITESO - Biblioteca 
041 |a ESP 
082 |a 140. 9  |b GUT 
100 |a Gutiérrez Sáenz, Raúl  |e (autor) 
245 1 0 |a Historia de las doctrinas filosóficas /  |c R. Gutiérrez Sáenz. 
250 |a 35a edición 
264 4 |a México :  |b Esfinge,  |c 2003, c2003 
300 |a 230 p. 
336 |a texto  |b txt  |2 rdacontenido 
337 |a sin mediación  |b n  |2 rdamedio 
338 |a volumen  |b nc  |2 rdasoporte 
520 |a Panorámica histórico de las distintas corrientes filosóficas occidentales. El recorrido va desde los clásicos griegos hasta las últimas tendencias filosóficas de occidente del siglo XX, con exponentes como Sócrates, Platón, Aristótels, pasando por las ideas de San Agustín, Santo Tomás de Aquino, Descartes, Locke, Kant, Marx, Heidegger y Sartre, entre otros. 
561 |a Ex libris manuscrito de Yessica Aldana Zapata 
649 |a XX 
650 |a Filósofos -  |x Biografías 
650 |a Filosofía -  |x Historia y Crítica -  |x Tema Principal 
650 |a Filosofía Griega 
650 |a Filosofía Clásica 
650 |a Filosofía Medieval 
650 |a Filosofía del Renacimiento 
650 |a Filosofía Moderna 
650 |a Filosofía del Siglo XX 
650 |a Filosofía 
910 |a Fondo General 
920 |a Impresos - Libros 
930 |a Colección General 
905 |a 101 
901 |a 0500274855  |b IT1  |c ACC  |i D78758  |u 20250521 
902 |a https://opac.biblio.iteso.mx/vufind/Record/000380024